[Event "Las Vegas National op"]
[Site "Las Vegas"]
[Date "2023.06.18"]
[Round "8"]
[White "Rajaram, Rohan"]
[Black "Leiva Rodriguez, Jeammarco Giuseppe"]
[Result "1-0"]
[WhiteElo "2138"]
[BlackElo "2405"]
[PlyCount "89"]
[EventDate "2023.06.14"]
[EventType "swiss"]
[EventRounds "9"]
[EventCountry "USA"]
[SourceTitle "CBM 214 Extra"]
[Source "ChessBase"]
[SourceDate "2023.07.31"]
[SourceVersion "1"]
[SourceVersionDate "2023.07.31"]
[SourceQuality "1"]

1. d4 Nf6 2. c4 e6 3. g3 Bb4+ 4. Nd2 0-0 5. Bg2 d5 6. Ngf3 b6 7. 0-0 Bb7 8. a3 Be7 9. cxd5 exd5 10. b4 c6 11. Ne5 a5 12. bxa5 Rxa5 13. Bb2 Nbd7 14. a4 Bb4 15. Qc2 Qe7 16. Nb3 Raa8 17. Nxd7 Qxd7 18. Bc3 Bxc3 19. Qxc3 Ba6 20. Rfe1 Bc4 21. Nd2 b5 22. Nxc4 bxc4 23. Reb1 Ra6 24. a5 Qc7 25. Ra4 Rfa8 26. Qb4 h5 27. Rba1 Rb8 28. Qd2 Rb5 29. e4 Qb8 30. Qe1 Rb2 31. R4a2 c5 32. Rxb2 Qxb2 33. dxc5 d4 34. e5 Ne8 35. Bd5 Qb5 36. e6 fxe6 37. Bxe6+ Kf8 38. Qe5 c3 39. Bc8 Rxa5 40. Re1 Nf6 41. Qe7+ Kg8 42. Be6+ Kh7 43. Bf5+ Kh8 44. Qf8+ Ng8 45. Be6 1-0

[Event "Las Vegas 1000 GM op"]
[Site "Las Vegas"]
[Date "2023.06.08"]
[Round "1"]
[White "Leiva Rodriguez, Jeammarco Giuseppe"]
[Black "Rajaram, Rohan"]
[Result "1-0"]
[WhiteElo "2405"]
[BlackElo "2138"]
[PlyCount "83"]
[EventDate "2023.06.08"]
[EventType "swiss"]
[EventRounds "9"]
[EventCountry "USA"]
[SourceTitle "CBM 214 Extra"]
[Source "ChessBase"]
[SourceDate "2023.07.31"]
[SourceVersion "1"]
[SourceVersionDate "2023.07.31"]
[SourceQuality "1"]

1. e4 c5 2. Nf3 d6 3. d4 cxd4 4. Nxd4 Nf6 5. Nc3 a6 6. h3 e5 7. Nf3 Be7 8. Bc4 0-0 9. 0-0 Be6 10. Qe2 Bxc4 11. Qxc4 Nbd7 12. a4 Rc8 13. Qe2 Qc7 14. Bg5 h6 15. Bxf6 Nxf6 16. Rfd1 Rfd8 17. Rd3 Qc6 18. a5 b5 19. axb6 Qxb6 20. b3 a5 21. Nd2 Ra8 22. Nc4 Qc7 23. Ra4 Rdb8 24. Nd5 Nxd5 25. Rxd5 Rb4 26. Raxa5 Rxa5 27. Rxa5 Rb8 28. Qd1 Rd8 29. Qd5 Kf8 30. Ra6 Qd7 31. Ra8 Rxa8 32. Qxa8+ Qe8 33. Qb7 Qd8 34. b4 Qe8 35. b5 Qd8 36. b6 Qe8 37. Qc7 Qd8 38. Na5 Ke8 39. Qc6+ Kf8 40. b7 Qb8 41. Qc8+ Qxc8 42. bxc8Q+ 1-0